The geometry of non-linear differential equations, Bäcklund transformations, and solitons /

Guardado en:
Autor Principal: Hermann, Robert, 1931-
Formato: Libro
Idioma:English
Publicado: Brookline, Ma. : Math Sci Press, c1976-<c1977.
Series:Interdisciplinary mathematics ; v. 12, 14
Materias:
Etiquetas: Agregar Etiqueta
Sin Etiquetas, Sea el primero en etiquetar este registro!
LEADER 01205cam a2200301 a 4500
001 MAT.inmabb005034
008 770617m19769999mau######b####000#0#eng##
005 20180222153739.0
245 1 4 |a The geometry of non-linear differential equations, Bäcklund transformations, and solitons /  |c Robert Hermann. 
260 |a Brookline, Ma. :  |b Math Sci Press,  |c c1976-<c1977. 
300 |a v. <A-B > ;  |c 21 cm. 
440 0 |a Interdisciplinary mathematics ;  |v v. 12, 14 
504 |a Incluye referencias bibliográficas. 
510 4 |a MR,  |c 56 #1336  |3 (pt. A) 
510 4 |a MR,  |c 57 #17681  |3 (pt. B) 
020 |a 0915692163 (pt. A) 
020 |a 091569218X (pt. B) 
100 1 |a Hermann, Robert,  |d 1931- 
246 1 |i Ttulo en la cubierta de pt. B:  |a Geometric theory of non-linear differential equations, Bäcklund transformations, and solitons 
650 0 |a Differential equations, Nonlinear. 
650 0 |a Geometry, Differential. 
650 0 |a Bäcklund transformations. 
650 0 |a Solitons. 
084 |a 58-02 (35A30 35Q99 58F05 58A15)  |2 MR 
010 |a  76017201  
040 |a DLC  |c DLC  |d DLC 
859 |h 58  |i H552g  |p A-5427  |v A  |3 Part A  |b BIB. MATEMATICA 
859 |h 58  |i H552g  |p A-5429  |v B  |3 Part B  |b BIB. MATEMATICA